|
|
|
|
| LEADER |
00868nam a2200217 a 4500 |
| 001 |
2406886 |
| 008 |
090716r19872002nyu b 001 0 eng d |
| 010 |
|
|
|a 86029891
|
| 040 |
|
|
|a DLC
|c DLC
|d DLC
|
| 082 |
0 |
0 |
|a 821/.4
|2 21
|
| 245 |
0 |
0 |
|a Paradise lost notes /
|c edited by Coles editorial board.
|
| 260 |
|
|
|a New York;
|a New Delhi :
|b Chelsea House Publishers;
|b Rama Brothers,
|c 1987[reprinted 2002].
|
| 300 |
|
|
|a [iv], 48 p. ;
|c 22 cm.
|
| 490 |
1 |
|
|a Modern critical interpretations
|
| 541 |
1 |
|
|e 00014255
|
| 600 |
1 |
0 |
|a Milton, John,
|d 1608-1674.
|t Paradise lost.
|
| 650 |
|
0 |
|a Fall of man in literature.
|
| 710 |
1 |
|
|a Coles editorial board.
|
| 852 |
4 |
|
|a Ayesha Abed Library
|j General Shelf.
|
| 999 |
|
|
|c 2619
|d 2619
|
| 952 |
|
|
|0 0
|1 0
|2 ddc
|4 0
|6 821_400000000000000_PAR
|7 0
|9 2384
|a BRACUL
|b BRACUL
|c GEN
|d 2009-07-21
|g 60.00
|l 4
|m 25
|o 821.4 PAR
|p 3010014252
|r 2023-04-08
|s 2023-01-23
|t 1
|w 2009-07-21
|y BK
|